header

Logics of empowerment (Record no. 20400)

MARC details
000 -LEADER
fixed length control field 01622nam a2200385Ia 4500
082 04 - DEWEY DECIMAL CLASSIFICATION NUMBER
Classification number 305.48/969409542
100 1# - MAIN ENTRY--AUTHOR NAME
Personal name Sharma, Aradhana.
245 10 - TITLE STATEMENT
Title Logics of empowerment
260 ## - PUBLICATION, DISTRIBUTION, ETC. (IMPRINT)
Place of publication Minneapolis :
Name of publisher University of Minnesota Press,
Year of publication c2008.
300 ## - PHYSICAL DESCRIPTION
Number of Pages xxxvii, 260 p.
650 #0 - SUBJECT ADDED ENTRY--TOPICAL TERM
Topical Term Economic development projects
Topical Term Neoliberalism
Topical Term Poor women
Topical Term Public welfare
Topical Term Women in development
856 40 - ELECTRONIC LOCATION AND ACCESS
Uniform Resource Identifier http://site.ebrary.com/lib/rucke/Doc?id=10277720

No items available.

© 2026 Rongo University
Contact us: librarian | system librarian | Rongo university